Палеонтология и стратиграфия Прибалтики и Белоруссии : (Record no. 48652)
[ view plain ]
| 000 -LEADER | |
|---|---|
| fixed length control field | 00893nam a2200229 a 4500 |
| 001 - CONTROL NUMBER | |
| control field | 000144285 |
| 003 - CONTROL NUMBER IDENTIFIER | |
| control field | AM-YEHGA |
| 005 - DATE AND TIME OF LATEST TRANSACTION | |
| control field | 20250617122951.0 |
| 008 - FIXED-LENGTH DATA ELEMENTS--GENERAL INFORMATION | |
| fixed length control field | 990701s1970 li ||||gr|||||||||0|rus|d |
| 040 ## - CATALOGING SOURCE | |
| Original cataloging agency | AM-YeHGA |
| 041 0# - LANGUAGE CODE | |
| Language code of text/sound track or separate title | rus |
| 090 ## - LOCALLY ASSIGNED LC-TYPE CALL NUMBER (OCLC); LOCAL CALL NUMBER (RLIN) | |
| -- | 49412 |
| 245 00 - TITLE STATEMENT | |
| Title | Палеонтология и стратиграфия Прибалтики и Белоруссии : |
| Remainder of title | Сборник / |
| Statement of responsibility, etc. | Редкол.: В.К. Голубцов и др. ; М-во геологии СССР, Ин-т геологии (Вильнюс). |
| 260 ## - PUBLICATION, DISTRIBUTION, ETC. | |
| Place of publication, distribution, etc. | Вильнюс : |
| Name of publisher, distributor, etc. | Минтис, |
| Date of publication, distribution, etc. | 1970. |
| 300 ## - PHYSICAL DESCRIPTION | |
| Extent | сборник |
| 505 10 - FORMATTED CONTENTS NOTE | |
| Miscellaneous information | Сб. 2 (1970; 287 с.) |
| -- | Сб. 3 (1971; 216 с.) |
| 650 14 - SUBJECT ADDED ENTRY--TOPICAL TERM | |
| Topical term or geographic name entry element | Палеонтология |
| 650 14 - SUBJECT ADDED ENTRY--TOPICAL TERM | |
| Topical term or geographic name entry element | Стратиграфия |
| 700 1# - ADDED ENTRY--PERSONAL NAME | |
| Personal name | Голубцов, В.К. |
| Relator term | ред. |
| Relationship | edt |
| 710 2# - ADDED ENTRY--CORPORATE NAME | |
| Corporate name or jurisdiction name as entry element | Институт геологии (Вильнюс) |
| 942 ## - ADDED ENTRY ELEMENTS (KOHA) | |
| Source of classification or shelving scheme | Universal Decimal Classification |
| Koha item type | Գրքեր / Books |
| Withdrawn status | Lost status | Damaged status | Not for loan | Collection | Home library | Current library | Date acquired | Serial enumeration / chronology | Total checkouts | Full call number | Barcode | Date last seen | Price effective from | Koha item type | Public note |
|---|---|---|---|---|---|---|---|---|---|---|---|---|---|---|---|
| General | Fundamental Scientific Library | Fundamental Scientific Library | 21/12/2016 | Сб. 2 | PIII/30658 | FL0365445 | 21/12/2016 | 21/12/2016 | Գրքեր / Books | 30 Days Loan | |||||
| General | Fundamental Scientific Library | Fundamental Scientific Library | 01/03/2023 | Сб. 3 | PIII/32251 | FL0367925 | 01/03/2023 | 01/03/2023 | Գրքեր / Books | 30 Days Loan |
ՀՀ Գիտությունների ազգային ակադեմիայի հիմնարար գիտական գրադարան = Fundamental Scientific Library of NAS RA
All site content, except where otherwise noted, is licensed under a